[Event "HUN-chT2 Toth 0910"]
[Site "Hungary"]
[Date "2010.05.02"]
[Round "11.12"]
[White "Perdi, Zsombor"]
[Black "Juhasz, Peter"]
[Result "1-0"]
[WhiteElo "1508"]
[BlackElo "1542"]
[PlyCount "41"]
[EventDate "2009.11.08"]
[EventType "team-tourn"]
[EventRounds "11"]
[EventCountry "HUN"]
[SourceTitle "EXT 2011"]
[Source "ChessBase"]
[SourceDate "2010.11.26"]
[SourceVersion "1"]
[SourceVersionDate "2010.11.26"]
[SourceQuality "1"]
[WhiteTeam "Bekes"]
[BlackTeam "Kkfhazi Honved"]
[WhiteTeamCountry "HUN"]
[BlackTeamCountry "HUN"]

1. e4 e5 2. Nf3 d6 3. d4 Nf6 4. Nc3 Nbd7 5. dxe5 dxe5 6. Bg5 Be7 7. Bc4 b6 8. Bxf6 Bxf6 9. Qd5 0-0 10. Qxa8 Qe7 11. 0-0-0 Bg5+ 12. Kb1 Bh6 13. h4 Qc5 14. Qd5 Qxf2 15. Nxe5 Qc5 16. Nxd7 Qxd5 17. Rxd5 Bxd7 18. Rxd7 g6 19. a3 Bf4 20. Rf1 Bg3 21. Bxf7+ 1-0